Handbook of Emerging Market Multinational Corporations (Record no. 46579)

MARC details
000 -LEADER
fixed length control field 00498nam a22001817a 4500
005 - DATE AND TIME OF LATEST TRANSACTION
control field 20260514103110.0
008 - FIXED-LENGTH DATA ELEMENTS--GENERAL INFORMATION
fixed length control field 260514b |||||||| |||| 00| 0 eng d
020 ## - INTERNATIONAL STANDARD BOOK NUMBER
International Standard Book Number 9781782545002
041 ## - LANGUAGE CODE
Language code of text/sound track or separate title Eng
082 ## - DEWEY DECIMAL CLASSIFICATION NUMBER
Classification number 338.88 DEM
100 ## - MAIN ENTRY--PERSONAL NAME
Author Demirbag, Mehmet
245 ## - TITLE STATEMENT
Title Handbook of Emerging Market Multinational Corporations
260 ## - PUBLICATION, DISTRIBUTION, ETC.
Place Cheltenham
Publisher Edward Elgar
Publication Year 2015
300 ## - PHYSICAL DESCRIPTION
Extent 283;. P. 23 cm
650 ## - SUBJECT ADDED ENTRY--TOPICAL TERM
Subject International business enterprises
700 ## - ADDED ENTRY--PERSONAL NAME
Co-Author Yaprak, Attila
942 ## - ADDED ENTRY ELEMENTS (KOHA)
Koha item type Books
Holdings
Withdrawn status Lost status Source of classification or shelving scheme Damaged status Not for loan Home library Current library Shelving location Accession Date Vendor Price Bill number Total Checkouts Full call number Barcode No Date last seen Discount Cost, replacement price Bill Date Koha item type Suggested By
    Dewey Decimal Classification     IMTN IMTN Rack 13-A 05/14/2026 Raghav Books Private Limited 5956.62 2630   338.88 DEM 34046 05/14/2026 33 3990.94 04/30/2026 Books Recommended by Dr. Gajavelli V S
Designed & Maintained by: LRC IMT Nagpur Contact: lrc@imtnag.ac.in© 2024. All Rights Reserved.